000 00631nam a2200169Ia 4500
008 090711s9999 xx 000 0 und d
082 _b1125
100 _aवाघोलीकर ह. भा.
245 _aभाग्यवान प्रयत्नशीलाSया कथा
260 _c1969
300 _a112
600 _aवाघोलीकर ह. भा.
630 _aभाग्यवान प्रयत्नशीलाSया कथा
700 _aवाघोलीकर ह. भा.
730 _aभाग्यवान प्रयत्नशीलाSया कथा
942 _cBOOK
999 _c323283
_d323283